000 00677nam a2200205 i 4500
001 146895
003 ES-MaACL
005 20250915063057.0
007 t|
008 070919s1944 sp ||||1| spa d
080 _a321.01
100 1 _aTruyol y Serra, Antonio,
_d1913-2003
_9111597
245 1 3 _aEl derecho y el estado en San Agustín /
_cAntonio Truyol y Serra.
260 _aMadrid :
_bRevista de Derecho Privado,
_c[1944]
300 _a211 p. ;
_c21 cm.
490 1 _aBiblioteca de derecho privado. Serie K ;
_v3
830 0 0 _aBiblioteca de la Revista de derecho privado
_v3
_9182876
852 _aES-MaACL
_jF-16287
_bR.21256
999 _c146895
_d146895